000 00637nam a2200229Ia 4500
005 20250508164553.0
008 008 250505s9999 xx 000 0 eng d
020 _a019569855-X
037 _aTextual
040 _aFEDL
_beng
_cFEDL
041 _aeng
_2eng
084 _a304, CHA
_qFEDL
100 _aChaurasia Alok Ranjan
_9476427
245 0 _aIndia: The state of population 2007
260 _aNew Delhi, India
_bOxford University Press
_c2008
300 _axxiii,228p.
365 _aINR
_b550
650 _aPopulation
700 _a Gulati S C
_9778485
942 _cTEXL
_h304, CHA
999 _c1389871
_d1389871